banner koha

Receitas saudáveis das merendeiras da BP3 (Registro n. 9503)

MARC details
000 -LÍDER
Campo de controle fixo 00916nam a22003137a 4500
001 - NÚMERO DE CONTROLE
Número de controle BR2023000755
003 - CÓDIGO MARC DA AGÊNCIA CATALOGADORA
Campo de controle BR-BrBNA
005 - DATA E HORA DA ÚLTIMA ATUALIZAÇÃO
Campo de controle 20230630153523.0
008 - CAMPO DE TAMANHO FIXO
Campo fixo de controle 230629b bl.||||| |||| 00| 0 por d
040 ## - FONTE DA CATALOGAÇÃO
Agência catalogadora BR-BrBNA
Idioma da catalogação por
Agência que transcreveu Biblioteca Nacional de Agricultura
041 ## - CÓDIGO DO IDIOMA
Código do Idioma por
072 ## - CATEGORIA AGRIS
Código da categoria de assunto S01 ; S40 ; E80
090 ## - NÚMERO DE CHAMADA
Número de Chamada S01 BR2023000755
110 ## - ENTRADA PRINCIPAL - ENTIDADE
Nome da entidade ou lugar Itaipu Binacional, Foz do Iguaçu, PR (Brazil)
245 ## - TÍTULO PRINCIPAL
Título principal Receitas saudáveis das merendeiras da BP3
260 ## - IMPRENTA (PUBLICAÇÃO, DISTRIBUIÇÃO, ETC.)
Lugar de publicação, distribuição, etc. Foz do Iguaçu, PR (Brazil)
Data de publicação, distribuição, etc [nd]
300 ## - DESCRIÇÃO FÍSICA
Extensão 84 p.
500 ## - NOTA GERAL
Notas gerais Published after 2007; 148 illus.; 58 tables
650 ## - ASSUNTO - THESAGRO
Cabeçalho tópico ou nome geográfico NUTRIÇÃO HUMANA
650 ## - ASSUNTO - THESAGRO
Cabeçalho tópico ou nome geográfico MERENDA ESCOLAR
650 ## - ASSUNTO - THESAGRO
Cabeçalho tópico ou nome geográfico HÁBITO ALIMENTAR
650 ## - ASSUNTO - THESAGRO
Cabeçalho tópico ou nome geográfico AGRICULTURA ORGÂNICA
650 ## - ASSUNTO - THESAGRO
Cabeçalho tópico ou nome geográfico AGRICULTURA FAMILIAR
650 ## - ASSUNTO - THESAGRO
Cabeçalho tópico ou nome geográfico SEGURANÇA ALIMENTAR
650 ## - ASSUNTO - THESAGRO
Cabeçalho tópico ou nome geográfico QUALIDADE DE VIDA
650 ## - ASSUNTO - THESAGRO
Cabeçalho tópico ou nome geográfico SAÚDE PÚBLICA
909 ## - IDENTIFICAÇÃO DO CATALOGADOR
Ano e mês da catalogação (aaaamm) 202306
Identificação do catalogador Fernando
942 ## - TIPO ESPECÍFICO
Tipo de material Livros
952 ## - LOCATION AND ITEM INFORMATION (KOHA)
-- 2023-06-29
Exemplares
Status de empréstimo Fonte de classificação Status de danificação Não pode ser emprestado Código da coleção Localização permanente Localização atual Localização na estante Total Checkouts Número de chamada Código de barras Tipo de material
  Classificação AGRIS     Agrobase Biblioteca Nacional de Agricultura - Binagri Biblioteca Nacional de Agricultura - Binagri Agrobase - Acervo Geral   S01 BR2023000755 2023-435831 Livros

BINAGRI

Telefone: (61)3218-2567/2388/3357/2097 - binagri@agro.gov.br

Ministério da Agricultura e Pecuária , Esplanada dos Ministérios, Bloco D, Anexo B, Brasília/DF, CEP: 70.043-900